| 000 | 00859nam a2200217 a 4500 | ||
|---|---|---|---|
| 003 | 0 | ||
| 005 | 20250310162311.0 | ||
| 008 | 090507s19uu xx uuu eng d | ||
| 050 |
_aPGS QR 82.S6.A93.B56 _b.T136 2008 |
||
| 100 | _aTakayama, Toshi Hiro. | ||
| 245 |
_aBioassay of Azadirachta indica on Staphylococcus aureus / _cToshi Hiro Takayama. |
||
| 260 |
_aLas PiƱas City, Philippines : _bSouthville International School and Colleges, _c2008. |
||
| 300 |
_a28 pages : _billustrations ; _c28 cm. |
||
| 504 | _aIncludes bibliographical references. | ||
| 650 |
_aAzadirachta indica _vTherapeutic use. |
||
| 650 |
_aStaphylococcus aureus _vEffect of drugs on. |
||
| 650 |
_aMedicinal plants _vAntibacterial properties. |
||
| 650 |
_aBiological assay _vNeem extract. |
||
| 650 |
_aAntimicrobial activity _vNatural products. |
||
| 942 |
_2lcc _cPASS |
||
| 999 |
_c98149 _d98149 |
||